000 01828nam a2200457 c 4500
001 24860
003 ES-MaCES
005 20150925135645.0
008 130218s2012 sp t 100 | spa d
017 _aSE 4599-2012
_bDL
020 _a9788461618880
035 _aCES20130000471m
040 _aES-MaCES
_bspa
_cES-MaCES
111 2 _aJornadas Universitarias Andaluzas de Derecho del Trabajo y Relaciones Laborales
_n30ª
_d2011
_cMálaga
_91201
245 1 0 _aReformas estructurales y negociación colectiva
_cXXX Jornadas Universitarias Andaluzas de Derecho del Trabajo y Relaciones Laborales [Málaga, 17 y 18 de nov . de 2011] ; Francisco J. Prados de Reyes, coord.
260 _aSevilla
_bConsejo Andaluz de Relaciones Laborales
_c[2012]
300 _a403 p.
_c24 cm
490 1 _aMonografías de temas laborales
_v50
504 _aBibliografía
541 _cGratuito
650 4 _aconferencia
_927013
650 4 _aEspaña
_926964
650 4 _aderecho del trabajo
_927165
650 4 _alegislación de seguridad social
_929855
650 4 _areforma de la seguridad social
_930668
650 4 _areforma legislativa
_929892
650 4 _alegislación del trabajo
_927166
650 4 _acondiciones de empleo
_930040
650 4 _acondiciones de trabajo
_928327
650 4 _anegociación colectiva
_928362
650 4 _aajuste estructural
_930358
653 1 0 _aRelaciones laborales-Empleo
650 4 _928369
_arelaciones laborales
700 1 _aPrados de Reyes, Francisco Javier
_ecol.
_921360
710 2 _aConsejo Andaluz de Relaciones Laborales
_eed.
_92337
787 0 _tRelaciones laborales y nuevo modelo productivo
_w(ES-MaCES)24336
830 0 _aMonografías de temas laborales
_v50
_933850
902 _aLIB Libro
942 _2CES
_cBK
_h2.0.
999 _c24860
_d24860